000 00887nmm a2200277 a 4500
001 ocm0002347438
003 TR-IsHL
005 20201028185743.0
008 191205s2017 tu tur
007 cr cn
020 _a9786059226974
035 _a2347438
_b(N$T)
050 0 4 _aPL248.A946
_bH38 2017
090 0 4 _aPL248.A946
_bH38 2017
100 1 _aAygün, Güler Bilkay
245 1 0 _aHata
_h[electronic resource] /
_cGüler Bilkay Aygün ; editör Kübra Aydın
260 _aİstanbul :
_bPapillon Yayınları ,
_c2017
300 _a286 p.
650 4 _aDil ve Edebiyat
650 4 _aLanguage and Literature
650 0 _aTürk romanı
650 0 _aTurkish fiction
650 7 _aLITERARY COLLECTIONS / Middle Eastern
_2bisacsh
700 1 _aAydın, Kübra
856 4 0 _uhttp://search.ebscohost.com/login.aspx?direct=true&scope=site&db=e011xww&AN=2347438
999 _c21606
_d21606